000 00505cam a22001931 4500
001 44710
090 _a44710
100 _a19940105d1946 km y0pory5003 ba
101 0 _apor
102 _aPT
200 1 _aA passageira n.º 14
_eromance
_fRosa de Nancy
210 9 _aLisboa
_cBolsa Cultural,
_d1946
215 _av.
_d19 cm
225 _aColecção Ibérica
_eBiblioteca Feminina
327 0 _a14<U+00BA> v. : 217, [6] p.
675 _a821.133.1-31
700 1 _aNancy,
_bRosa de,
801 0 _aPT
_bBN
_gRPC
990 _cLIVROS